LEADER 01784nam 2200493 4450 001 996714009803316 005 20260313115018.0 010 $z0804719276 010 $z0804723176 035 $a(dli)HEB00274 035 $a(CKB)1000000000396800 035 $a(MiAaPQ)EBC6983732 035 $a(MiAaPQ)EBC30278681 035 $a(Au-PeEL)EBL30278681 035 $a(OCoLC)1352968197 100 $a20250630d1992---- uy 0 101 0 $aeng 135 $aurmnummmmuuuu 181 $ctxt$2rdacontent 182 $cc$2rdamedia 183 $acr$2rdacarrier 200 14$aThe Nahuas after the conquest $ea social and cultural history of the Indians of central Mexico, sixteenth through eighteenth centuries /$fJames Lockhart 205 $aFirst edition. 210 1$aStanford, California :$cStanford University Press,$d[1992] 210 4$dİ1992 215 $axv, 650 p. $cill. ;$d25 cm 320 $aIncludes bibliographical references and index. 330 $aA monumental achievement of research, synthesis, and analysis, this volume on the Nahua Indians of central Mexico (often called Aztecs) constitutes our best understanding of any New World indigenous society in the period following European contact. 410 0$aACLS Humanities E-Book. 606 $aNahuas$xHistory 606 $aNahuas$xSocial life and customs 607 $aMexico$xHistory$ySpanish colony, 1540-1810 615 0$aNahuas$xHistory. 615 0$aNahuas$xSocial life and customs. 676 $a972.02 700 $aLockhart$b James$0685930 712 02$aAmerican Council of Learned Societies. 801 0$bMiAaPQ 801 1$bMiAaPQ 801 2$bMiAaPQ 906 $aBOOK 912 $a996714009803316 996 $aThe Nahuas after the conquest$94553180 997 $aUNISA